000 00428nam a2200181Ia 4500
001 5169
005 20260306145848.0
008 260306t2004||||xx |||||||||||||| ||spa||
041 _aESP
082 _a336.71
_bF38
100 _aFernández-Baca, Jorge
_eAUT
245 0 _aDinero, banca y mercados financieros texto impreso
260 _c2004
300 _a
_c
650 _aGEN
654 _aCAN
942 _cLIB
_dJUS
_fJUS
_2ddc
_n
999 _c5169
_d5169